00000000nam##2200000za#4500
0019.610600
003CaOODSP
00520200401040846
007ta
008150406|1993||||xxc|||||     f|0| 0 eng|d
022 |a0706-6457
040 |aCaOODSP|beng
043 |an-cn---
0861 |aFs97-6/1927E
1101 |aCanada. |bDepartment of Fisheries and Oceans.
24510|aSAS programs for fitting a seal population dynamics model / |cby Noel G. Cadigan and Peter A. Shelton.
260 |aOttawa - Ontario : |bFisheries and Oceans Canada |c1993.
300 |a33p. : |breferences ; |c28 cm.
4901 |aCanadian technical report of fisheries and aquatic sciences|x0706-6457|v1927
500 |aPrepared in the Science Branch, Department of Fisheries and Oceans, P.O. Box 5667, St John's, Newfoundland A1C 5X1.
546 |aRésumés en français
563 |aSoftcover
69007|aSeals|2gcpds
7201 |aCadigan, N. G.
7201 |aShelton, Peter A.
7760#|tSAS programs for fitting a seal population dynamics model / |w(CaOODSP)9.573858
830#0|aCanadian technical report of fisheries and aquatic sciences,|x0706-6457|v1927|w(CaOODSP)9.514691